Normal view
MARC view
Entry Topical Term
001 - CONTROL NUMBER
- control field: 498331
003 - CONTROL NUMBER IDENTIFIER
- control field:
005 - DATE AND TIME OF LATEST TRANSACTION
- control field: 20210602151331.0
008 - FIXED-LENGTH DATA ELEMENTS
- fixed length control field: 210602|| aca||aabn | a|a d
040 ## - CATALOGING SOURCE
- Original cataloging agency:
- Transcribing agency:
150 ## - HEADING--TOPICAL TERM
- Topical term or geographic name entry element: Arabic language
- General subdivision: Usage
670 ## - SOURCE DATA FOUND
- Source citation: Work cat.: (): 880-01 عبدالرحيم، ف 498330, دروس اللغة العربية :, 1991
